000 00444nam a2200181Ia 4500
001 1841
005 20260306143758.0
008 260306t2017||||xx |||||||||||||| ||spa||
041 _aESP
082 _a155.7
_bC13
100 _aCabezas Casado, José Luis
_eAUT
245 0 _aPrácticas de psicología del desarrollo II
260 _c2017
300 _a157 páginas :
_c23 cm.
650 _aGEN
654 _aCPS
942 _cLIB
_dJUS
_fJUS
_2ddc
_n
999 _c1841
_d1841